Aespa Albums - Statistics

General Stats
  • This quiz has been taken 51 times
    37 since last reset
  • The average score is 13 of 14
Answer Stats
Picture Answer % Correct
Drama
100%
Savage
100%
Whiplash
100%
Armageddon
96%
Better Things
96%
Girls
96%
Hot Mess
96%
Next Level
96%
Black Mamba
93%
Dreams Come True
89%
Forever
89%
My World
89%
Beautiful Christmas
79%
SYNK : Parallel Line
64%
No matching quizzes found
Score Distribution
Percent of People with Each Score
Percentile by Number Answered
Your Score History
You have not taken this quiz since the last reset